| 000 | 00357nam a2200145Ia 4500 | ||
|---|---|---|---|
| 008 | 210210b1993 xxu||||| |||| 00| 0 eng d | ||
| 020 | _a81 7033 196 4 | ||
| 082 | _a306.0954 AHUI | ||
| 100 | _aAHUJA (Ram). | ||
| 245 | _aIndian social system. | ||
| 260 |
_aDelhi _bRawat Publications. _c1993 |
||
| 300 | _a458 | ||
| 690 | _aIndian Society | ||
| 906 | _a048050 | ||
| 999 |
_c97248 _d97248 |
||